The recruiting revolution in real estate : findings and keeping to quality agents

Bibliographic Details
Main Author: Johnson, Carol (Author)
Format: Book
Language:English
Published: Chicago : Real Estate Education Company 1989
Subjects:

MARC

LEADER 00000cam a2200000 7i4500
001 0000002868
005 20240926.0
008 991201 ilu a eng
020 |a 0884628264 
040 |a INS   |b eng   |e rda 
090 0 0 |a HD1382.   |b J64 1989 
100 1 |a Johnson, Carol ,   |e author 
245 1 4 |a The recruiting revolution in real estate :   |b findings and keeping to quality agents   |c Carol Johnson 
264 1 |a Chicago :   |b Real Estate Education Company   |c 1989 
300 |a xiv, 284 pages :   |b illustrations ;   |c 28 cm. 
336 |a text  |2 rdacontent 
337 |a unmediated  |2 rdamedia 
338 |a volume  |2 rdacarrier 
504 |a Includes bibliographical references and index 
650 0 |a Real estate agents 
999 |a 0000004136   |b BOOK   |c Open Shelf   |e Default branch